Gastroesophageal reflux disease and airway disease / (Record no. 5003)

MARC details
000 -LEADER
fixed length control field 01566cam a2200361 a 4500
001 - CONTROL NUMBER
control field 2145437
003 - CONTROL NUMBER IDENTIFIER
control field OSt
005 - DATE AND TIME OF LATEST TRANSACTION
control field 20160816144433.0
008 - FIXED-LENGTH DATA ELEMENTS--GENERAL INFORMATION
fixed length control field 981231s1999 nyua b 001 0 eng c
010 ## - LIBRARY OF CONGRESS CONTROL NUMBER
LC control number 98056649
020 ## - INTERNATIONAL STANDARD BOOK NUMBER
International Standard Book Number 0824702301 (alk. paper)
040 ## - CATALOGING SOURCE
Original cataloging agency DNLM/DLC
Transcribing agency DLC
Modifying agency DLC
082 ## - DEWEY DECIMAL CLASSIFICATION NUMBER
Classification number WB 141
Item number G211m 1999
245 00 - TITLE STATEMENT
Title Gastroesophageal reflux disease and airway disease /
Statement of responsibility, etc. edited by Mark R. Stein.
260 ## - PUBLICATION, DISTRIBUTION, ETC. (IMPRINT)
Place of publication, distribution, etc. New York :
Name of publisher, distributor, etc. Marcel Dekker,
Date of publication, distribution, etc. 1999.
300 ## - PHYSICAL DESCRIPTION
Extent xvii, 364 p. :
Other physical details ill. ;
Dimensions 24 cm.
440 #0 - SERIES STATEMENT/ADDED ENTRY--TITLE
Title Lung biology in health and disease ;
Volume/sequential designation v. 129
9 (RLIN) 10701
504 ## - BIBLIOGRAPHY, ETC. NOTE
Bibliography, etc Includes bibliographical references and indexes.
650 #0 - SUBJECT ADDED ENTRY--TOPICAL TERM
Topical term or geographic name as entry element Gastroesophageal reflux
General subdivision Complications.
9 (RLIN) 10702
650 #0 - SUBJECT ADDED ENTRY--TOPICAL TERM
Topical term or geographic name as entry element Asthma
General subdivision Etiology.
9 (RLIN) 10703
650 #0 - SUBJECT ADDED ENTRY--TOPICAL TERM
Topical term or geographic name as entry element Airway (Medicine)
9 (RLIN) 10704
650 #0 - SUBJECT ADDED ENTRY--TOPICAL TERM
Topical term or geographic name as entry element Respiratory organs
General subdivision Diseases
-- Etiology.
9 (RLIN) 10705
650 12 - SUBJECT ADDED ENTRY--TOPICAL TERM
Topical term or geographic name as entry element Respiratory Tract Diseases
General subdivision etiology.
9 (RLIN) 10706
650 12 - SUBJECT ADDED ENTRY--TOPICAL TERM
Topical term or geographic name as entry element Respiratory Tract Diseases
General subdivision therapy.
9 (RLIN) 10707
650 22 - SUBJECT ADDED ENTRY--TOPICAL TERM
Topical term or geographic name as entry element Respiratory Tract Diseases
General subdivision diagnosis.
9 (RLIN) 10708
650 22 - SUBJECT ADDED ENTRY--TOPICAL TERM
Topical term or geographic name as entry element Gastroesophageal Reflux
General subdivision complications.
9 (RLIN) 10709
650 22 - SUBJECT ADDED ENTRY--TOPICAL TERM
Topical term or geographic name as entry element Gastroesophageal Reflux
General subdivision therapy.
9 (RLIN) 10710
700 1# - ADDED ENTRY--PERSONAL NAME
Personal name Stein, Mark R.,
9 (RLIN) 10711
856 42 - ELECTRONIC LOCATION AND ACCESS
Materials specified Publisher description
Uniform Resource Identifier http://www.loc.gov/catdir/enhancements/fy0647/98056649-d.html
906 ## - LOCAL DATA ELEMENT F, LDF (RLIN)
a 7
b cbc
c orignew
d 1
e ocip
f 19
g y-gencatlg
942 ## - ADDED ENTRY ELEMENTS (KOHA)
Source of classification or shelving scheme Other/Generic Classification Scheme
Koha item type Open Shelf
Holdings
Withdrawn status Lost status Source of classification or shelving scheme Damaged status Not for loan Home library Current library Date acquired Source of acquisition Inventory number Total Checkouts Full call number Barcode Date last seen Price effective from Koha item type
    Other/Generic Classification Scheme     MUST Main Library MUST Main Library 16/08/2016   2007/28459   WB 141 G211m 1999 2016-3658 16/08/2016 16/08/2016 Open Shelf